1114 1586 1216 1711 1552 1606 1364 1860 1453 1638 1106 1220 1654 1620 1400 1894 1722 1582 1874 1575 1509 1181 1248 1455 1817 1540 1903 1979 1529 1994 1930 1443 1365 1590 1317 1664 1345 1700 1887 1294 1248 1625 1594 1707 1202 1052 1587 1783 1520 1191 1536 1664 1700 1474 1518 1289 1603 1917 1519 1320 1324 1853 1868 1864 1007 1224 1910 1425 1251 1196 1668 1535 1401 1467 1074 1640 1160 1309 1128 1415 1227 1679 1527 1746 1003 1546 1428 1942 1532 1748 1196 1005 1882 1384 1487 1144 1437 1851 1928 BCNSPRNW ULIB Ver.6.0+V

เปลี่ยนเป็นภาษาไทย

Change to English
 แสดงรายละเอียดบรรณานุกรม
  กลับหน้าหลัก

Brief Record : Get Marc (ISO 2709) : E-mail record : QR code < ปิดหน้าต่าง
LEADER : 00000nam 2200000uu 4500
001    13399120806
003     ULIB
008    121017s2551||||th 000 0 tha d
020    ^a9789747152791
060  4 ^aWQ150^bอ873ค
100 0  ^aเอกชัย โควาวิสารัช
245 10 ^aคลอดเองได้ ง่ายนิดเดียว/^cเอกชัย โควาวิสารัช
250    ^aพิมพ์ครั้งที่ 1
260    ^aกรุงเทพฯ :^bรักลูกกรุ๊ป,^c2551
650  7 ^aการคลอด
650  7 ^aเตรียมตัวก่อนคลอด
945    ^p155^l0^i16029
945    ^p155^l0^i16028
995    ^aทศพร
999    ^aทศพร เกษรทอง
รายการนี้ยังไม่มีแท็ก
คุณยังไม่ได้ล็อกอิน คุณสามารถมีกิจกรรมร่วมกับเว็บไซต์ได้ แต่ต้องล็อกอินก่อน ::
  ล็อกอิน

รายการสื่อสารสนเทศ

ลำดับที่ ประเภท เลขเรียก/บาร์โค้ด สถานที่ สถานะ
1. วิทยาศาสตร์การแพทย์ และสุขภาพ
วิทยาศาสตร์การแพทย์ และสุขภาพ
WQ150 อ873ค ฉ.1 
  Barcode: 16029
ห้องสมุดวิทยาเขตสวรรค์ประชารักษ์
►ส่วนจัดเก็บหนังสือเก่า สปร
บนชั้น
  ขอยืม
2. วิทยาศาสตร์การแพทย์ และสุขภาพ
วิทยาศาสตร์การแพทย์ และสุขภาพ
WQ150 อ873ค ฉ.2 
  Barcode: 16028
ห้องสมุดวิทยาเขตสวรรค์ประชารักษ์
►ส่วนจัดเก็บหนังสือเก่า สปร
บนชั้น
  ขอยืม

รายการใกล้เคียง
    ผู้แต่ง [เอกชัย โควาวิสารัช]

    หัวเรื่อง [การคลอด]
    หัวเรื่อง [เตรียมตัวก่อนคลอด]

BibComment


ยังไม่เคยถูกคอมเมนท์

คอมเมนท์ทรัพยากรรายการนี้
  คอมเมนท์: คลอดเองได้ ง่ายน..


 Copyright 2026. Bcnsprnw @Library